| 000 | 01382nam a22003977a 4500 | ||
|---|---|---|---|
| 003 | CHAP | ||
| 005 | 20220817044135.0 | ||
| 008 | 061130d2001 ce bd r 00110 eng d | ||
| 010 | _a93107 | ||
| 011 | _a94079 | ||
| 020 | _a9290904275 | ||
| 035 | _a104663 | ||
| 040 | _cCHAP | ||
| 090 | _aFolleto 17176 | ||
| 100 | 1 |
_aPerry, C. J. _987292 |
|
| 245 | 1 | 0 |
_aCharging for irrigation water: _bthe issues and options, with a case study from Iran _c/by C. J. Perry |
| 260 |
_aColombo, Sri Lanka : _bInetrnational Water Management Institute, _c2001 |
||
| 300 |
_a17 p. : _bmapas ; tablas |
||
| 410 | 2 | 1 | _aInternational Water Management Institute |
| 490 | 0 |
_aResearch report _v; 52 |
|
| 590 |
_aBATCH-UPD _b10 _c20130110 _lUCH01 _h0529 |
||
| 590 |
_aBATCH-UPD _b10 _c20130110 _lUCH01 _h2232 |
||
| 590 |
_aBATCH-UPD _b10 _c20130410 _lUCH01 _h0209 |
||
| 590 |
_aBATCH-UPD _b10 _c20130410 _lUCH01 _h1644 |
||
| 590 |
_aBATCH-UPD _b10 _c20130815 _lUCH01 _h0824 |
||
| 590 |
_aBATCH-UPD _b10 _c20130914 _lUCH01 _h1652 |
||
| 590 |
_aCONVERSION _b10 _c20130109 _lUCH01 _h1352 |
||
| 600 | 1 | 4 |
_aIrrigación _zIrán. _960503 |
| 650 | 1 | 4 |
_aAgua para irrigacion. _92430 |
| 810 | 0 | 0 | _aInternational Water Management Institute |
| 830 | 0 |
_aResearch report _v; 52 _996080 |
|
| 901 | _aBK | ||
| 905 | _aMarco A. Mendoza T. | ||
| 942 | _cFOLL | ||
| 949 |
_aFolleto 17176 _bBC _cFOLL _d33724002012009 _eTS1 _i104663 _sb |
||
| 999 |
_c93107 _d93107 |
||